| 000 | 00464nam a2200181Ia 4500 | ||
|---|---|---|---|
| 001 | 24737 | ||
| 005 | 20260414151103.0 | ||
| 008 | 260414t2008||||xx |||||||||||||| ||spa|| | ||
| 041 | _aESP | ||
| 082 |
_a345.73 _bL36 |
||
| 100 |
_aLedesma Narváez, Marianella [1963-...] _eAUT |
||
| 245 | 0 |
_aLos nuevos procesos de ejecución y cautelar _b |
|
| 260 | _c2008 | ||
| 300 |
_a455 páginas : _c24 cm. |
||
| 650 | _aDER | ||
| 654 | _aCDE | ||
| 942 |
_cLIB _dJUS _fJUS _2ddc _n |
||
| 999 |
_c24737 _d24737 |
||